000 00546nam a2200181 a 4500
001 239
003 CO-ViMGA
008 141112s2004 ck r 000 u spa d
040 _aCO-ViMGA
_bspa
_cCO-ViMGA
082 0 4 _a741.5 C69v
100 1 _aCavo Torres, Javier
_947962
245 1 0 _aEl viaje de Colón :
_bsegún su diario de a bordo
260 _aSantafé de Bogotá :
_bAncora,
_c1992
300 _a119 p : il
650 1 4 _aAmérica - DESCUBRIMIENTO Y CONQUISTA EN TIRAS COMICAS
_947963
650 1 4 _aHUMORISMO GRAFICO
_94541
942 _2ddc
_cBK
999 _c12486
_d12486